| 000 | 00000nas 2200000zi 4500 |
| 001 | 9.896862 |
| 003 | CaOODSP |
| 005 | 20250107144055 |
| 006 | m o d f |
| 007 | cr ||||||||||| |
| 008 | 210223d19841986oncqr p os f0###a0eng|d |
| 022 | |l0832-9702|y0832-9702 |
| 040 | |aCaOODSP|beng|erda|cCaOODSP |
| 043 | |an-cn--- |
| 086 | 1 |aC12-47E-PDF |
| 245 | 00|aElectronics and household electrical appliances : |bstatistical review. |
| 264 | 1|a[Ottawa] : |bSector Analysis Division, Electronics and Aerospace Branch, Regional Industrial Expansion, |c1984-1986. |
| 310 | |aQuarterly |
| 336 | |atext|btxt|2rdacontent |
| 337 | |acomputer|bc|2rdamedia |
| 338 | |aonline resource|bcr|2rdacarrier |
| 362 | 1 |aBegan with Fourth quarter 1984, ceased with Fourth quarter 1986? |
| 500 | |aTitle varies slightly. |
| 500 | |aDigitized edition from print [produced by Innovation, Science and Economic Development Canada]. |
| 650 | 0|aElectronic industries|zCanada|vStatistics|vPeriodicals. |
| 650 | 0|aHousehold appliances, Electric|zCanada|vStatistics|vPeriodicals. |
| 650 | 0|aHousehold electronics industry|zCanada|vStatistics|vPeriodicals. |
| 655 | 7|aStatistics|2lcgft |
| 710 | 1 |aCanada. |bDepartment of Regional Industrial Expansion, |eissuing body. |